Heterocriptas: fragmentos de una historia del secreto, 2

সংরক্ষণ করুন:
গ্রন্থ-পঞ্জীর বিবরন
প্রধান লেখক: Valderrama, Miguel (Author)
বিন্যাস: গ্রন্থ
ভাষা:স্প্যানিশ
প্রকাশিত: Santiago, Chile Palinodia 2010
বিষয়গুলি:
ট্যাগগুলো: ট্যাগ যুক্ত করুন
কোনো ট্যাগ নেই, প্রথমজন হিসাবে ট্যাগ করুন!

MARC

LEADER 00000cam a2200000 a 4500
001 UCD7228
003 CL-VaPUC
005 20210617001559.0
008 170317e20100000cl |||||||||||||||||spa|d
999 |c 367292  |d 367290 
020 |a 9789568438302 
040 |c Pontificia Universidad Católica de Valparaíso 
082 0 4 |a 190 VAL 2010  |2 21 
100 0 |a Valderrama, Miguel  |e author  |9 591169 
245 1 0 |a Heterocriptas:  |b  fragmentos de una historia del secreto, 2 
260 |a Santiago, Chile  |b Palinodia  |c 2010 
300 |a 100 páginas 
583 |a last modification  |c 20170317 22:16:00  |k Rodrigo Vera 
650 0 |a Filosofía contemporánea  |9 265372 
650 0 |a Filosofía moderna  |9 258121 
942 |c BK  |2 ddc 
945 |d 20170317 22:16:00  |a dcastane 
952 |0 0  |1 0  |2 ddc  |3 erb  |4 0  |6 190_000000000000000_VAL_2010  |7 0  |8 A  |9 482116  |a FDOPOS  |b FDOPOS  |i 5365791  |o 190 VAL 2010  |p 5365791  |r 2025-01-22  |t 1  |w 2019-11-24  |y BK  |z Catalogado en:20170317  |k MEL